2012 NBA Playoffs - Statistics

General Stats
  • This quiz has been taken 208 times
  • The average score is 27 of 40
Answer Stats
Hint Answer % Correct
First Round Miami Heat
91%
Conference Semifinals Miami Heat
89%
Conference Finals Miami Heat
89%
NBA Finals Miami Heat
87%
First Round Oklahoma City Thunder
86%
First Round Boston Celtics
85%
Conference Semifinals Oklahoma City Thunder
85%
Conference Finals Oklahoma City Thunder
84%
NBA Finals Oklahoma City Thunder
84%
Conference Semifinals Boston Celtics
83%
Conference Finals Boston Celtics
82%
First Round San Antonio Spurs
80%
First Round Chicago Bulls
79%
Conference Finals San Antonio Spurs
79%
Conference Semifinals San Antonio Spurs
77%
First Round Los Angeles Lakers
75%
Conference Semifinals Los Angeles Lakers
75%
Conference Semifinals Indiana Pacers
72%
First Round Indiana Pacers
71%
First Round Los Angeles Clippers
71%
First Round Dallas Mavericks
69%
Points Playoffs LeBron James
69%
Conference Semifinals Los Angeles Clippers
69%
First Round New York Knicks
69%
Points NBA Finals Kevin Durant
68%
Assists NBA Finals LeBron James
68%
First Round Atlanta Hawks
66%
Rebounds NBA Finals LeBron James
66%
First Round Philadelphia 76ers
66%
First Round Memphis Grizzlies
64%
First Round Orlando Magic
64%
Conference Semifinals Philadelphia 76ers
63%
First Round Utah Jazz
61%
First Round Denver Nuggets
59%
Blocks NBA Finals Serge Ibaka
53%
Steals NBA Finals Mario Chalmers
29%
Assists Playoffs Rajon Rondo
23%
Steals Playoffs Jason Kidd
4%
Blocks Playoffs JaVale McGee
4%
Rebounds Playoffs Josh Smith
4%
No matching quizzes found
Score Distribution
Percent of People with Each Score
Percentile by Number Answered
Your Score History
You have not taken this quiz